000 00542nam a2200193Ia 4500
005 20250508152712.0
008 008 250505s9999 xx 000 0 eng d
037 _aBooks to be hide in OPAC
040 _aFEDL
_beng
_cFEDL
041 _aeng
_2eng
084 _a371.42, KOC/O
_qFEDL
100 _aKochhar S K
245 0 _aEducational guidance and counselling
260 _aJalandhar, India
_bUniversity Publishers
_c1958
300 _a94p
365 _aINR
_b3
942 _cHB
_h371.42, KOC/O
999 _c1338144
_d1338144